000 00756nam a2200217 i 4500
001 69729
003 ES-MaACL
005 20251004063115.0
007 t|
008 040709s1944 sp ||||1| spa d
100 1 _aGarcía Gómez, Emilio,
_d1905-1995
_954690
245 1 0 _aCinco poetas musulmanes
_b: biografías y estudios /
_cEmilio García Gómez.
260 _a[Madrid] :
_bEspasa-Calpe,
_c[1944]
300 _a277 p. ;
_c18 cm.
490 1 _aColección Austral. Serie naranja ;
_v513
650 4 _aPoesía árabe-
_xHistoria y crítica.
_9166615
650 4 _aPoetas árabes-
_xBiografías.
_9166616
830 0 _aColección Austral. Serie naranja ;
_v513
_9231008
852 _aES-MaACL
_jB-10122
_bR.21211
999 _c69729
_d69729